Dirección de marketing /

Contiene: I. Fundamentos de la gestión de marketing: 1) Definición de marketing para las nuevas realidades; 2) Planeación y dirección de marketing. II. Comprender el mercado: 3) Análisis de los mercados de consumo; 4) Análisis de los mercados de negocios; 5) Ejecución de estudios de mercado. III. De...

ver descrição completa

Na minha lista:
Detalhes bibliográficos
Autor principal: Kotler, Philip (autor)
Outros Autores: Keller, Kevin Lane (autor) (autor), Chernev, Alexander (autor) (autor)
Formato: Livro
Idioma:espanhol
Publicado em: México : Pearson, 2023, c2023
Assuntos:
Tags: Adicionar Tag
Sem tags, seja o primeiro a adicionar uma tag!

MARC

LEADER 00000nam^a2200000^a^4500
001 000624833
005 20251127000000.0
009 20260310134004.943
020 |a 978-607-32-5943-9 
037 |a Acervo ITESO - Biblioteca 
041 |a ESP 
082 |a 658. 8  |b KOT 
100 |a Kotler, Philip  |e (autor) 
240 1 1 |a [Dirección de mercadotecnia, de Philip Kotler] 
245 1 0 |a Dirección de marketing /  |c P. Kotler, K.L. Keller, A. Chernev. 
264 4 |a México :  |b Pearson,  |c 2023, c2023 
300 |a 608 p. 
336 |a texto  |b txt  |2 rdacontenido 
337 |a sin mediación  |b n  |2 rdamedio 
338 |a volumen  |b nc  |2 rdasoporte 
520 |a Contiene: I. Fundamentos de la gestión de marketing: 1) Definición de marketing para las nuevas realidades; 2) Planeación y dirección de marketing. II. Comprender el mercado: 3) Análisis de los mercados de consumo; 4) Análisis de los mercados de negocios; 5) Ejecución de estudios de mercado. III. Desarrollar una estrategia de mercado viable: 6) Identificación de segmentos de mercado y mercados meta; 7) Diseñando una propuesta de valor y posicionamiento para el cliente. IV. Diseñar valor: 8) Diseño y gestión de productos; 9) Diseño y gestión de servicios; 10) Creación de marcas fuertes; 11) Gestión de precios y promociones de ventas. V. Comunicar el valor: 12) Gestión de las comunicaciones de marketing; 13) Creación de una campaña de marketing integrado en la era digital; 14) Venta personal y marketing directo. VI. Aportar valor: 15) Diseño y gestión de los canales de distribución de marketing; 16) Gestión de la venta minorista. VII. Gestión del crecimiento: 17) Impulsando el crecimiento en mercados competitivos; 18) Desarrollo de nuevas ofertas de mercado; 19) Construyendo la lealtad al cliente; 20) Acceso a los mercados globales; 21) Marketing socialmente responsable. 
521 |a Librerías 2025 Gonvill 
649 |a XX 
650 |a Empresas -  |x Administración 
650 |a Planeación Estratégica 
650 |a Estrategia en los Negocios 
650 |a Estrategia Mercadotécnica 
650 |a Comportamiento del Consumidor 
650 |a Investigación de Mercado 
650 |a Segmentación del Mercado 
650 |a Sistemas de Información de Mercadotecnia 
650 |a Proceso Administrativo -  |x Dirección -  |x Tema Principal 
650 |a Mercadotecnia -  |x Tema Principal 
650 |a Ciencias Administrativas 
700 |a Keller, Kevin Lane  |e (autor) 
700 |a Chernev, Alexander  |e (autor) 
910 |a Fondo General 
920 |a Impresos - Libros 
930 |a Colección General 
905 |a 101 
901 |a 624936-10  |b IT1  |c ACC  |i C190998  |u 20251127 
902 |a https://opac.biblio.iteso.mx/vufind/Record/000624833